000 00283nam a22001337a 4500
008 170823b xxu||||| |||| 00| 0 eng d
020 _a9780618174591
041 _aeng
080 _25TH
_a51
100 _a38
101 _aMAT
245 _aPRECALCULUS
_cLARSON,R
942 _2udc
_cBK
999 _c24589
_d24589